00446pab a2200145 454500008004000000100002500040245011900065260000900184300001600193362000800209650001200217650002500229700002100254773002500275180718b2005 xxu||||| |||| 00| 0 eng d aOfori-Dankwa, Joseph aFrom thought to theory to school: the role of contextual factors in the evolution of schools of management thought c2005 ap.1307-329. aSep aSchools aManagement education aJuliah, Scott D. aOrganization Studies